Στην άκρη του Αιγαίου : Καστελλόριζο ; 1890-1948

Αποθηκεύτηκε σε:
Λεπτομέρειες βιβλιογραφικής εγγραφής
Κύριοι συγγραφείς: Παπαναστασίου, Νικόλαος Γ., 1961-, Βογιατζής, Νικόλαος Κ (Συγγραφέας)
Άλλοι συγγραφείς: Σαρίογλου, Ειρήνη (trlf, edtf)
Μορφή: Βιβλίο
Γλώσσα:Greek
English
Δημοσίευση: Αθήνα : Ελληνικό Ίδρυμα Ιστορικών Μελετών, 2015.
Θέματα:
Ετικέτες: Προσθήκη ετικέτας
Δεν υπάρχουν, Καταχωρήστε ετικέτα πρώτοι!

MARC

LEADER 00000cam a2200000 a 4500
001 1/110794
008 160523s2015####gr | ||| |||| ||gre||
020 |a 9789609789042 
040 |a GR-MyUa  |b gre  |c GR-MyUa  |e AACR2 
041 1 |a gre  |h eng 
082 7 |a 938.977   |2 (23) 
100 1 |a Παπαναστασίου, Νικόλαος Γ.,   |d 1961- 
245 1 5 |a Στην άκρη του Αιγαίου :   |b Καστελλόριζο ; 1890-1948 /   |c Νικόλαος Γ. Παπαναστασίου, Νικόλαος Κ. Βογιατζής ; μετάφραση-επιμέλεια: Ειρήνη Σαρίογλου.  
260 |a Αθήνα :   |b Ελληνικό Ίδρυμα Ιστορικών Μελετών,   |c 2015.  
300 |a 223 σ. :   |b φωτ. ;   |c 22 εκ.  
500 |a Τίτλος πρωτοτύπου: An island in time : Castellorizo in photographs 1890-1948.  
651 0 |a Megiste (Greece : Municipality)  |x History. 
700 1 |a Σαρίογλου, Ειρήνη.  |e trlf  |e edtf 
700 1 |a Βογιατζής, Νικόλαος Κ,  |e aut 
852 |a INST  |b RHODES  |e 20160523  |h 938.977 ΠΑΠ  |p 005400038461  |q 005400038461  |t BK  |y 0 
970 |z 23-05-2016